000 01085nas a2200277 4500
001 BR8102141
003 BR-BrBNA
005 20231205084634.0
007 ta
008 230509b bl.|||p| |||| 00| 00por d
040 _aBR-BrBNA
_bpor
_cBiblioteca Nacional de Agricultura
041 _a(Pt)
072 _aC00; L00
100 1 _aCardozo, A.A. (Empresa de Assistencia Tecnica e Extensao Rural do Estado de Goias, Goiania (Brazil)) Guerrero, S.J.
100 1 _aBarros, E. de V.
100 1 _aVieira, M.
245 1 _aAvaliacao de metodos de extensao rural na aprendizagem: fixacao e execucao de uma tecnica pecuaria [Brasil]
_bParte de tese
246 1 _a[Evaluation of rural extension methods in learning: fixation and execution of a cattle breeding technique [Brazil]]
_b[Part of thesis]
650 _aExtensao Rural
650 _aProducao animal
650 _aPecuaria
650 _aAssistencia tecnica
773 0 _tRevista Ceres (Brazil)
_xISSN 0034-737X
_g(1980), v. 27 (151) p. 236-248
_wBR8102141
909 _a202311
_bLúcia
_c55
_dLúcia Elande
942 _2AGRIS
_n0
_cANA
999 _c106389
_d106389